Hieron
Guardat en:
| Autor principal: | |
|---|---|
| Altres autors: | |
| Format: | Llibre |
| Idioma: | espanyol grec |
| Publicat: |
Madrid, España:
Instituto de Estudios Políticos,
1954.
|
| Col·lecció: | Colección clásicos políticos
|
| Matèries: | |
| Etiquetes: |
Afegir etiqueta
Sense etiquetes, Sigues el primer a etiquetar aquest registre!
|
MARC
| LEADER | 00000nam a2200000 a 4500 | ||
|---|---|---|---|
| 001 | UCV8719 | ||
| 003 | CL-VaPUC | ||
| 005 | 20220823151609.0 | ||
| 008 | 911125e19540000SP |||||||||||||||||spa|d | ||
| 999 | |c 214196 |d 214194 | ||
| 040 | |c Pontificia Universidad Católica de Valparaíso | ||
| 041 | 0 | 7 | |a spa |2 CL-VaPUC |
| 041 | 0 | 7 | |a gre |2 CL-VaPUC |
| 082 | 0 | 4 | |a 183.2 JEN 1954 |2 21 |
| 100 | |a Jenofonte |e autor |9 335230 | ||
| 245 | 1 | 0 | |a Hieron |
| 260 | |a Madrid, España: |b Instituto de Estudios Políticos, |c 1954. | ||
| 300 | |a 62 páginas. | ||
| 490 | 0 | |a Colección clásicos políticos | |
| 500 | |a c.2. Donación Familia Prof. Alejandro Guzmán Brito. | ||
| 500 | |a c.2. Reimpresión corregida de la 1a edición de 1954. | ||
| 583 | |a last modification |c 19911125 00:00:00 |k Rodrigo Vera | ||
| 600 | 0 | 7 | |a Hieron |2 CL-VaPUC |9 267086 |
| 650 | 0 | |a Filosofía socrática |9 267087 | |
| 650 | 7 | |a Filosofía política |2 CL-VaPUC |9 302744 | |
| 650 | 0 | |a Diálogos |9 257026 | |
| 650 | 7 | |a Mayeutica |2 CL-VaPUC |9 267089 | |
| 700 | |a Fernández Galiano, Manuel |e texto, traducción y notas |9 872186 | ||
| 942 | |c BK |2 ddc |n 0 | ||
| 945 | |d 19911125 00:00:00 | ||
| 952 | |0 0 |1 0 |4 0 |6 183_200000000000000_JEN_1954 |7 0 |8 P |9 197350 |a BIBARQ |b BIBARQ |d 2019-11-14 |i 2650142 |o 183.2 JEN 1954 |p 2650142 |r 2025-01-20 |w 2019-11-14 |y BK |k ARQ | ||
| 952 | |0 0 |1 0 |2 ddc |4 0 |6 183_200000000000000_JEN_1954 |7 1 |8 C_AGB |9 584381 |a BIBDER |b BIBDER |d 2022-07-05 |e Donación |i 5652504 |o 183.2 JEN 1954 |p 5652504 |r 2023-01-25 |t 2 |w 2022-07-05 |y BK_US |k AGB | ||